000
00327nam a2200145Ia 4500
008
230718s9999 xx 000 0 und d
041
_a
Eng.
082
_a
34603
_b
LAL-L
100
_a
Lal, Ratan Dhiraj
245
0
_a
Law of tests
260
_a
Pakistan
_b
Irfan Law Book
_c
2004
300
_a
447
650
_a
Law
999
_c
28130
_d
28130